Statistiques concernant Les pilotes de formule 1 2018

Cliquez ici pour prendre le quiz!

Statistiques générales

  • Ce quiz a été pris 364 fois
  • Le résultat moyen est 17 sur 20

Statistiques - réponses

Pilote% Correct
Lewis Hamilton
100%
Sebastian Vettel
98%
Daniel Ricciardo
97%
Esteban Ocon
97%
Max Verstappen
97%
Charles Leclerc
96%
Pierre Gasly
96%
Sergio Perez
96%
Valtteri Bottas
96%
Fernando Alonso
95%
Kimi Raïkkönen
95%
Romain Grosjean
95%
Carlos Sainz
91%
Kevin Magnussen
89%
Nico Hulkenberg
87%
Lance Stroll
86%
Stoffel Vandoorne
60%
Marcus Ericsson
58%
Brendon Hartley
46%
Sergey Sirotkin
43%

Distribution des résultats

Percentile par nombre de réponses

% des personnes avec chaque résultat

Votre développement - résultats

Vous n’avez pas pris ce quiz